000
00284nam a2200097Ia 4500
008
220204s9999 xx 000 0 und d
082
_a
633.3
_b
NAT
245
0
_a
Leucaena: Promising forage and tree crop for the tropics
260
_a
Washington
_b
National Academy of Sc
_c
1977
942
_c
BK
999
_c
28077
_d
28077